000 00316nam a22001337a 4500
008 181012b xxu||||| |||| 00| 0 eng d
020 _a9780313330407
041 _aeng
080 _26th
_a371
100 _a25
101 _aEDU
245 _aHow to Write and Publish a Scientific Paper
_cDay, R.A
942 _2udc
_cBK
999 _c49486
_d49486